[Event "Selestat op 14th"]
[Site "Selestat"]
[Date "2007.??.??"]
[Round "1"]
[White "Radovic, Nenad"]
[Black "Riff, Jean Noel"]
[Result "0-1"]
[WhiteElo "1950"]
[BlackElo "2469"]
[PlyCount "62"]
[EventDate "2007.03.01"]
[EventType "swiss"]
[EventRounds "7"]
[EventCountry "FRA"]
[SourceTitle "CBM 117 Extra"]
[Source "ChessBase"]
[SourceDate "2007.05.09"]
[SourceVersion "1"]
[SourceVersionDate "2007.05.09"]
[SourceQuality "1"]

1. e4 c5 2. Nf3 d6 3. d4 cxd4 4. Nxd4 Nf6 5. Nc3 e6 6. Be3 Nc6 7. Be2 Be7 8. 0-0 0-0 9. Kh1 e5 10. Nb3 Be6 11. f4 exf4 12. Bxf4 a6 13. Qe1 Nd7 14. Rd1 Nde5 15. Nd5 Re8 16. c3 Bf8 17. Qg3 Ng6 18. Bg5 f6 19. Bxf6 gxf6 20. Nxf6+ Kh8 21. Nxe8 Qxe8 22. Bh5 Be7 23. Qe3 Qg8 24. Rf3 Nce5 25. Rg3 Bh4 26. Bxg6 Bxg3 27. hxg3 Qxg6 28. Rxd6 Rf8 29. Kg1 Nf3+ 30. gxf3 Qxg3+ 31. Kh1 Qxd6 0-1